书目信息 |
| 题名: |
人口、资源与环境
|
|
| 作者: | 刘静玲 编著 | |
| 分册: | ||
| 出版信息: | 北京 化学工业出版社 2001.01 |
|
| 页数: | 280页 | |
| 开本: | 20cm | |
| 丛书名: | 环境教育丛书 | |
| 单 册: | ||
| 中图分类: | X | |
| 科图分类: | ||
| 主题词: | 环境科学 , 劳动?0 , a安全学 a能源x关系x环境 , 资源--关系--环境 , 人类--关系--环境 | |
| 电子资源: | ||
| ISBN: | 7-5025-3075-4 | |
| 000 | 00809nam0 2200265 45 | |
| 001 | 0258020173 | |
| 005 | 2002041516065933 | |
| 010 | @a7-5025-3075-4@b压膜@dRMB 18.00 | |
| 100 | @a20020415d2001 km y0chiy0120 ea | |
| 101 | 0 | @achi |
| 102 | @aCN@b110000 | |
| 200 | 1 | @a人口、资源与环境@Aren kou、zi yuan yu huan jing@f刘静玲编著@Fliu jing ling bian zhu |
| 210 | @a北京@c化学工业出版社@d2001.01 | |
| 215 | @a280页@d20cm | |
| 225 | 2 | @a环境教育丛书 |
| 410 | 0 | @12001 @a环境教育丛书 |
| 606 | 0 | @a环境科学 |
| 606 | 0 | @a劳动?0 |
| 606 | @@@@@@@@@@@@@@a安全学 @a能源@x关系@x环境 | |
| 606 | 0 | @a资源@x关系@x环境 |
| 606 | 0 | @a人类@x关系@x环境 |
| 690 | @@@@@@@@@@@@@@aX@aX24@v3 | |
| 701 | 0 | @a刘静玲@Aliu jing ling@4编著 |
| 801 | 0 | @@@@@@@@@@@@@@aCN@bPFT@c20020415 |
| 905 | @@@@@@@@@@@@@@a安徽大学@dX24@eL630 | |
| 人口、资源与环境/刘静玲编著.-北京:化学工业出版社,2001.01 |
| 280页;20cm.-(环境教育丛书) |
| ISBN 7-5025-3075-4(压膜):RMB 18.00 |
| ● |
| 相关链接 |
|
|
|
正题名:人口、资源与环境
索取号:X24/L630
 
预约/预借
| 序号 | 登录号 | 条形码 | 馆藏地/架位号 | 状态 | 备注 |
| 1 | 353751 | 203537510 | 自科库501/501自科库 65排2列1层/ [索取号:X24/L630] | 在馆 | |
| 2 | 353752 | 203537529 | 自科库501/501自科库 65排2列1层/ [索取号:X24/L630] | 在馆 | |
| 3 | 35942 | 200085479 | 自科库501/ [索取号:X24/L630] | 在馆 |